Statistics for NBA Top Scorers Per Date - Happy New Year's Eve !

Click here to take the quiz!

General Stats

  • This quiz has been taken 23 times
  • The average score is 20 of 30

Answer Stats

Player % Correct
James Harden
100%
Russell Westbrook
100%
Kevin Durant
100%
Jerry West
100%
Tracy McGrady
95%
LeBron James
91%
Klay Thompson
91%
Kobe Bryant
86%
Bradley Beal
86%
Giannis Antetokounmpo
86%
Tim Duncan
82%
Wilt Chamberlain
82%
Michael Jordan
82%
Allen Iverson
77%
Luka Doncic
77%
Steve Nash
73%
Kemba Walker
73%
Willis Reed
68%
Lou Williams
68%
Kareem Abdul-Jabbar
64%
George Mikan
64%
DeMar DeRozan
59%
LaMarcus Aldridge
55%
Gerald Wallace
32%
Ben Gordon
32%
Juwan Howard
32%
Paul Arizin
9%
Brandon Knight
5%
Bob Rule
0%
Quentin Richardson
0%

Score Distribution

Percentile by Number Answered

Percent of People with Each Score

Your Score History

You have not taken this quiz